Rosyjskie imiona żeńskie - Statystyki

Ogólne statystyki
  • Ten quiz został rozwiązany 127 razy
  • Średni wynik to 14 z 51
Statystyki odpowiedzi
Hint Odpowiedź % Poprawnych
M Marya
66%
O Olga
66%
A Alexandra
64%
E/Ye Yekaterina
61%
A Anastasia
59%
D Darya
57%
Ju/Yu Julya
55%
T Tatyana
55%
A Alina
43%
N Natalya
42%
S Sofia
42%
W/V Veronika
42%
W/V Viktoriya
42%
S Svetlana
41%
N Natasha
36%
E Elizaveta
34%
E/Ye Yelena
31%
e/Ye Eva
30%
L Lyudmila
28%
T Tamara
28%
W/V Valeriya
27%
I Irina
26%
K Kalina
26%
D Diana
23%
A Alyona
22%
A Alla
20%
G Galina
20%
K Kseniya
20%
O Oksana
20%
Ja/Ya Yana
20%
P Polina
19%
Ż/Zh Zhanna
19%
L Liza
18%
M Margarita
15%
L Larisa
12%
R Raisa
12%
U Ulyana
12%
A Alisa
11%
K Kristina
11%
R Ruslana
11%
Z Zoya
11%
K Kira
9%
M Miroslava
9%
R Regina
8%
Z Zinaida
8%
Z Zlata
8%
M Milana
7%
W/V Varvara
7%
W/V Vasilisa
4%
A Agafiya
3%
T Taisiya
1%
Nie znaleziono quizów pasujących do podanych kryteriów
Rozkład punktacji
Procent ludzi z każdym wynikiem
Percentyl według liczby udzielonych odpowiedzi
Twoja historia wyników
Nie rozwiązałeś tego quizu